ARRUPE JESUIT UNIVERSITY

CORONAVIRUS -STOP THE SPREAD - CLEAN,DISINFECT,COVER

Martha Quest : (Record no. 131631)

MARC details
000 -LEADER
fixed length control field 01205cam a2200337 a 4500
001 - CONTROL NUMBER
control field 2942679
003 - CONTROL NUMBER IDENTIFIER
control field ARRUPE
005 - DATE AND TIME OF LATEST TRANSACTION
control field 20221202105421.0
008 - FIXED-LENGTH DATA ELEMENTS--GENERAL INFORMATION
fixed length control field 901023r19911952nyu 000 1 eng
010 ## - LIBRARY OF CONGRESS CONTROL NUMBER
LC control number 90022677
020 ## - INTERNATIONAL STANDARD BOOK NUMBER
International Standard Book Number 0452261244 :
Terms of availability $8.95
028 ## - PUBLISHER NUMBER
Source Arrupe
040 ## - CATALOGING SOURCE
Original cataloging agency DLC
Transcribing agency DLC
Modifying agency DLC
050 00 - LIBRARY OF CONGRESS CALL NUMBER
Classification number PR6023.E833
Item number M38 1991
082 00 - DEWEY DECIMAL CLASSIFICATION NUMBER
Classification number 823/.914
Edition number 20
300 ## - PHYSICAL DESCRIPTION
Dimensions 21 cm.
100 1# - MAIN ENTRY--PERSONAL NAME
Personal name Lessing, Doris,
Dates associated with a name 1919-2013.
9 (RLIN) 20260
245 10 - TITLE STATEMENT
Title Martha Quest :
Remainder of title a complete novel from Doris Lessing's masterwork Children of violence.
260 ## - PUBLICATION, DISTRIBUTION, ETC. (IMPRINT)
Place of publication, distribution, etc New York, N.Y., U.S.A. :
Name of publisher, distributor, etc Plume,
Date of publication, distribution, etc [1991]
300 ## - PHYSICAL DESCRIPTION
Extent 271 p. ;
490 1# - SERIES STATEMENT
Series statement Children of violence
490 0# - SERIES STATEMENT
Series statement Plume fiction
650 #0 - SUBJECT ADDED ENTRY--TOPICAL TERM
Topical term or geographic name as entry element Women
Geographic subdivision Zimbabwe
Form subdivision Fiction.
9 (RLIN) 37254
650 #0 - SUBJECT ADDED ENTRY--TOPICAL TERM
Topical term or geographic name as entry element British
Geographic subdivision Africa, Southern
Form subdivision Fiction.
9 (RLIN) 52184
651 #0 - SUBJECT ADDED ENTRY--GEOGRAPHIC NAME
Geographic name Africa, Southern
Form subdivision Fiction.
9 (RLIN) 52185
651 #0 - SUBJECT ADDED ENTRY--GEOGRAPHIC NAME
Geographic name Zimbabwe
Form subdivision Fiction.
655 #7 - INDEX TERM--GENRE/FORM
Genre/form data or focus term Psychological fiction.
Source of term lcsh
9 (RLIN) 3218
800 1# - SERIES ADDED ENTRY--PERSONAL NAME
Personal name Lessing, Doris,
Dates associated with a name 1919-2013.
Title of a work Children of violence.
9 (RLIN) 51258
906 ## - LOCAL DATA ELEMENT F, LDF (RLIN)
a 7
b cbc
c orignew
d 1
e ocip
f 19
g y-gencatlg
942 ## - ADDED ENTRY ELEMENTS (KOHA)
Source of classification or shelving scheme Library of Congress Classification
Koha item type Monograph ( Printed materials)
Holdings
Withdrawn status Lost status Source of classification or shelving scheme Damaged status Not for loan Home library Current library Shelving location Date acquired Total Checkouts Full call number Barcode Date last seen Price effective from Koha item type
    Library of Congress Classification     ARRUPE LIBRARY ARRUPE LIBRARY Main Collection 02/12/2022   PR6023.E833 M38 1991 46700000203 02/12/2022 02/12/2022 Monograph ( Printed materials)

 

Arrupe Library. PO Box MP320 Mt Pleasant, Harare, Zimbabwe
263 242 745411|librarian@aju.ac.zw